| 000 | 00928nam a2200253 i 4500 | ||
|---|---|---|---|
| 001 | 12409 | ||
| 003 | ES-MaACL | ||
| 005 | 20251114105311.0 | ||
| 008 | 960205s1995 sp a |||| |dspa j | ||
| 020 | _a84-7100-648-0 | ||
| 080 | _a929 Medinaceli, Luis de la Cerda, Duque de | ||
| 080 | _a929 Colón, Cristóbal | ||
| 100 | 1 |
_aSánchez González, Antonio. _9102684 |
|
| 245 | 1 | 0 |
_aMedinaceli y Colón _b: la otra alternativa del descubrimiento / _cAntonio Sánchez González. |
| 260 |
_aMadrid : _bMAPFRE, _c[1995] |
||
| 300 |
_a334 p., [1] h. pleg. : _bil. ; _c23 cm. |
||
| 490 | 1 |
_aRelaciones entre España y América ; _v11 |
|
| 504 | _aBibliografía: p. [313]-322. | ||
| 600 | 0 | 4 |
_aMedinaceli, Luis de la Cerda, _cDuque de _979764 |
| 600 | 1 | 4 |
_aColón, Cristóbal. _939869 |
| 830 | 0 | 0 |
_aColección Relaciones entre España y América _v11 _9179037 |
| 852 |
_aES-MaACL _jL-19731 |
||
| 999 |
_c12409 _d12409 |
||